| 000 | 00422nam a2200169 4500 | ||
|---|---|---|---|
| 003 | LK-CoMWRAF | ||
| 005 | 20231013145005.0 | ||
| 008 | 230902b1993 |||||||| |||| 00| 0 eng d | ||
| 040 |
_aLK-CoMWRAF _dLK-CoMWRAF _eLK-CoMWRAF |
||
| 041 | _aeng | ||
| 082 |
_a892.78 _bGIB |
||
| 100 | _aGibran, Kahlil | ||
| 245 | _aThe Wisdom of Kahlil Gibran | ||
| 260 |
_aLondon : _bUBS publishers, _c1993 |
||
| 650 | _aWisdom | ||
| 942 | _cBK | ||
| 999 |
_c3366 _d3366 |
||